UK Cities that have the letter "G" in their name - Statistics

General Stats
  • This quiz has been taken 49 times
  • The average score is 7 of 12
Answer Stats
Answer % Correct
3 Birmingham
92%
6 Edinburgh
89%
7 Glasgow
89%
10 Nottingham
74%
4 Brighton and Hove
66%
5 Cambridge
63%
8 Gloucester
55%
9 Kingston Upon Hull
45%
11 Peterborough
39%
1 Armagh
37%
2 Bangor
34%
12 Stirling
34%
No matching quizzes found
Score Distribution
Percent of People with Each Score
Percentile by Number Answered
Your Score History
You have not taken this quiz